MARC

LEADER 00000nam2a2200000 4500
001 353010
005 20231101041117.0
035 |a (RuTPU)RU\TPU\retro\9962 
035 |a RU\TPU\retro\9953 
090 |a 353010 
100 |a 20200227d1948 k y0rusy50 ca 
101 0 |a rus  |a eng 
102 |a RU 
200 0 |a № 5  |e [сборник] 
210 |a Ленинград  |c Изд-во ЛПИ  |d 1948 
215 |a 256 стр. 
225 1 |a Раздел строительного дела и гидравлики 
461 1 |0 (RuTPU)RU\TPU\retro\9721  |t Труды Ленинградского политехнического института имени М. И. Калинина  |o [сборник]  |f Ленинградский политехнический институт им. М. И. Калинина (ЛПИ)  |v № 5  |d 1941-  
517 1 |a Transactions of the Leningrad Industrial Institute 
610 1 |a задача Бусинески 
610 1 |a слоистое упругое полупространство 
610 1 |a графические методы 
610 1 |a температурные напряжения 
610 1 |a бетон 
610 1 |a оптические исследования 
610 1 |a строителные балки 
610 1 |a расчеты 
610 1 |a круглые отверстия 
610 1 |a механические напряжения 
610 1 |a кривые брусья 
610 1 |a плоские фермы 
610 1 |a валы 
610 1 |a кручение 
610 1 |a решение задач 
610 1 |a текстолитовые шестерни 
610 1 |a размываемые русла 
610 1 |a бурные потоки 
610 1 |a сопротивления 
610 1 |a судоходные шлюзы 
610 1 |a проектирование 
610 1 |a гидростанции 
610 1 |a суточные потери 
610 1 |a расчеты 
801 1 |a RU  |b 63413507  |c 20160623 
801 2 |a RU  |b 63413507  |c 20200208  |g RCR 
801 2 |a RU  |b 63413507  |c 20200303  |g RCR 
942 |c BK